Normal view
MARC view
- Nawaz Fahad
Entry Personal Name
001 - CONTROL NUMBER
- control field: 27680
003 - CONTROL NUMBER IDENTIFIER
- control field: NUST
005 - DATE AND TIME OF LATEST TRANSACTION
- control field: 20200116153917.0
008 - FIXED-LENGTH DATA ELEMENTS
- fixed length control field: 200116|| aca||aabn | a|a d
040 ## - CATALOGING SOURCE
- Original cataloging agency: NUST
- Transcribing agency: NUST
100 ## - HEADING--PERSONAL NAME
- Personal name: Nawaz Fahad
670 ## - SOURCE DATA FOUND
- Source citation: Work cat.: (NUST): Nawaz Fahad , MS Thesis:Aerodynamic Assessment of a Generic Airfoil with Active Flow ControTechnique , 2019
